[Event "Villarobledo Online Qualifyer"]
[Site "playchess.com #155672"]
[Date "2009.05.23"]
[Round "11"]
[White "MiguelM"]
[Black "Antlew3"]
[Result "0-1"]
[WhiteElo "1719"]
[BlackElo "1697"]
[PlyCount "56"]
[EventDate "2009.05.23"]
[EventType "swiss (blitz)"]

1. e4 {[%emt 0:00:01]} b6 {[%emt 0:00:06]} 2. d4 {[%emt 0:00:01]} Bb7 {[%emt 0:
00:01]} 3. Bd3 {[%emt 0:00:03]} e6 {[%emt 0:00:00]} 4. c4 {[%emt 0:00:02]} g6 {
[%emt 0:00:00]} 5. Nc3 {[%emt 0:00:01]} Bg7 {[%emt 0:00:00]} 6. Be3 {[%emt 0:
00:01]} Ne7 {[%emt 0:00:00]} 7. Nge2 {[%emt 0:00:03]} O-O {[%emt 0:00:01]} 8.
O-O {[%emt 0:00:01]} f5 {[%emt 0:00:00]} 9. f3 {[%emt 0:00:03]} g5 {[%emt 0:00:
04]} 10. b4 {[%emt 0:00:12]} f4 {[%emt 0:00:02]} 11. Bf2 {[%emt 0:00:01]} Ng6 {
[%emt 0:00:01]} 12. Rc1 {[%emt 0:00:06]} d5 {[%emt 0:00:01]} 13. cxd5 {[%emt 0:
00:06]} exd5 {[%emt 0:00:01]} 14. e5 {[%emt 0:00:06]} Qe8 {[%emt 0:00:01]} 15.
Nb5 {[%emt 0:00:11]} c6 {[%emt 0:00:03]} 16. Nc7 {[%emt 0:00:02]} Qf7 {[%emt 0:
00:10]} 17. Nxa8 {[%emt 0:00:05]} Bxa8 {[%emt 0:00:00]} 18. b5 {[%emt 0:00:13]}
Ne7 {[%emt 0:00:07]} 19. a4 {[%emt 0:00:06]} h5 {[%emt 0:00:02]} 20. Qb3 {
[%emt 0:00:18]} g4 {[%emt 0:00:05]} 21. Bh4 {[%emt 0:00:20]} Qe6 {[%emt 0:00:
11]} 22. Bxe7 {[%emt 0:00:07]} Qxe7 {[%emt 0:00:03]} 23. fxg4 {[%emt 0:00:03]}
hxg4 {[%emt 0:00:01]} 24. Rxf4 {[%emt 0:00:01]} Bh6 {[%emt 0:00:05]} 25. Rxf8+
{[%emt 0:00:02]} Qxf8 {[%emt 0:00:03]} 26. Rf1 {[%emt 0:00:01]} Be3+ {[%emt 0:
00:02]} 27. Rf2 {[%emt 0:00:17]} Qxf2+ {[%emt 0:00:01]} 28. Kh1 {[%emt 0:00:01]
} Qf1+ {[%emt 0:00:00] MiguelM rinde} 0-1

[Event "Villarobledo Online Qualifyer"]
[Site "playchess.com #155672"]
[Date "2009.05.23"]
[Round "11"]
[White "Dominguez"]
[Black "Promotionfou"]
[Result "0-1"]
[WhiteElo "2156"]
[BlackElo "2137"]
[PlyCount "58"]
[EventDate "2009.05.23"]
[EventType "swiss (blitz)"]

1. e4 {[%emt 0:00:01]} Nf6 {[%emt 0:00:01]} 2. e5 {[%emt 0:00:02]} Nd5 {[%emt
0:00:01]} 3. Nc3 {[%emt 0:00:00]} Nxc3 {[%emt 0:00:03]} 4. dxc3 {[%emt 0:00:01]
} d6 {[%emt 0:00:01]} 5. Bc4 {[%emt 0:00:01]} Nc6 {[%emt 0:00:01]} 6. Nf3 {
[%emt 0:00:11]} dxe5 {[%emt 0:00:09]} 7. Qxd8+ {[%emt 0:00:06]} Nxd8 {[%emt 0:
00:03]} 8. Nxe5 {[%emt 0:00:02]} f6 {[%emt 0:00:00]} 9. Nf3 {[%emt 0:00:03]} e5
{[%emt 0:00:01]} 10. Be3 {[%emt 0:00:02]} Be6 {[%emt 0:00:01]} 11. Bb5+ {[%emt
0:00:04]} c6 {[%emt 0:00:02]} 12. Be2 {[%emt 0:00:02]} Kf7 {[%emt 0:00:01]} 13.
O-O-O {[%emt 0:00:02]} b6 {[%emt 0:00:03]} 14. h3 {[%emt 0:00:04]} Nb7 {[%emt
0:00:01]} 15. Rd2 {[%emt 0:00:03]} Bc5 {[%emt 0:00:01]} 16. Bxc5 {[%emt 0:00:
18]} Nxc5 {[%emt 0:00:01]} 17. Bd3 {[%emt 0:00:13]} e4 {[%emt 0:00:02]} 18. b4
{[%emt 0:00:03]} exf3 {[%emt 0:00:06]} 19. bxc5 {[%emt 0:00:02]} fxg2 {[%emt 0:
00:00]} 20. Rg1 {[%emt 0:00:02]} bxc5 {[%emt 0:00:01]} 21. Rxg2 {[%emt 0:00:01]
} Bxa2 {[%emt 0:00:12]} 22. c4 {[%emt 0:00:02]} Rab8 {[%emt 0:00:02]} 23. Re2 {
[%emt 0:00:05]} Rb4 {[%emt 0:00:03]} 24. Rg4 {[%emt 0:00:03]} Rd8 {[%emt 0:00:
11]} 25. Rge4 {[%emt 0:00:07]} Rd7 {[%emt 0:00:15]} 26. c3 {[%emt 0:00:07]} Ra4
{[%emt 0:00:01]} 27. Bc2 {[%emt 0:00:16]} Rxc4 {[%emt 0:00:11]} 28. Re8 {[%emt
0:00:03]} Rh4 {[%emt 0:00:15]} 29. R8e6 {[%emt 0:00:11]} Bxe6 {[%emt 0:00:02]
Dominguez resigns} 0-1

[Event "Villarobledo Online Qualifyer"]
[Site "playchess.com #155672"]
[Date "2009.05.23"]
[Round "11"]
[White "Tomik Trhal"]
[Black "Mtv star"]
[Result "1/2-1/2"]
[WhiteElo "2205"]
[BlackElo "2363"]
[PlyCount "36"]
[EventDate "2009.05.23"]
[EventType "swiss (blitz)"]

1. e4 {[%emt 0:00:04]} e6 {[%emt 0:00:01]} 2. d4 {[%emt 0:00:02]} d5 {[%emt 0:
00:00]} 3. e5 {[%emt 0:00:02]} f5 {[%emt 0:00:01]} 4. exf6 {[%emt 0:00:01]}
Nxf6 {[%emt 0:00:02]} 5. Nf3 {[%emt 0:00:01]} Bd6 {[%emt 0:00:00]} 6. Bd3 {
[%emt 0:00:01]} O-O {[%emt 0:00:02]} 7. O-O {[%emt 0:00:01]} c5 {[%emt 0:00:01]
} 8. c3 {[%emt 0:00:01]} Nc6 {[%emt 0:00:02]} 9. Re1 {[%emt 0:00:01]} Qc7 {
[%emt 0:00:02]} 10. h3 {[%emt 0:00:02]} e5 {[%emt 0:00:03]} 11. dxe5 {[%emt 0:
00:07]} Nxe5 {[%emt 0:00:00]} 12. Nxe5 {[%emt 0:00:03]} Bxe5 {[%emt 0:00:03]}
13. Bg5 {[%emt 0:00:09]} h6 {[%emt 0:00:03]} 14. Bxf6 {[%emt 0:00:05]} Bxf6 {
[%emt 0:00:00]} 15. Bc2 {[%emt 0:00:01]} d4 {[%emt 0:00:06]} 16. cxd4 {[%emt 0:
00:01]} Bxd4 {[%emt 0:00:02]} 17. Re2 {[%emt 0:00:04]} Bxb2 {[%emt 0:00:51]}
18. Qd3 {[%emt 0:00:29]} Bxa1 {[%emt 0:01:19] Mtv star offers a draw} 1/2-1/2

[Event "Villarobledo Online Qualifyer"]
[Site "playchess.com #155672"]
[Date "2009.05.23"]
[Round "11"]
[White "Chofis"]
[Black "Ferdi Sert"]
[Result "1-0"]
[WhiteElo "1682"]
[BlackElo "1847"]
[PlyCount "95"]
[EventDate "2009.05.23"]
[EventType "swiss (blitz)"]

1. e4 {[%emt 0:00:00]} c5 {[%emt 0:00:03]} 2. Nf3 {[%emt 0:00:01]} Nc6 {[%emt
0:00:01]} 3. d4 {[%emt 0:00:01]} cxd4 {[%emt 0:00:01]} 4. Nxd4 {[%emt 0:00:00]}
g6 {[%emt 0:00:00]} 5. Be3 {[%emt 0:00:02]} Bg7 {[%emt 0:00:01]} 6. Nc3 {[%emt
0:00:03]} Nf6 {[%emt 0:00:01]} 7. f3 {[%emt 0:00:02]} d6 {[%emt 0:00:02]} 8.
Bc4 {[%emt 0:00:02]} Bd7 {[%emt 0:00:02]} 9. Qd2 {[%emt 0:00:01]} Rc8 {[%emt 0:
00:01]} 10. Bb3 {[%emt 0:00:01]} a6 {[%emt 0:00:01]} 11. g4 {[%emt 0:00:02]} b5
{[%emt 0:00:03]} 12. h4 {[%emt 0:00:01]} Ne5 {[%emt 0:00:06]} 13. O-O-O {[%emt
0:00:06]} h5 {[%emt 0:00:17]} 14. g5 {[%emt 0:00:04]} Ng8 {[%emt 0:00:11]} 15.
Nd5 {[%emt 0:00:02]} e6 {[%emt 0:00:03]} 16. Nf5 {[%emt 0:00:06]} gxf5 {[%emt
0:00:06]} 17. Bb6 {[%emt 0:00:03]} exd5 {[%emt 0:00:16]} 18. Bxd8 {[%emt 0:00:
02]} Rxd8 {[%emt 0:00:03]} 19. Qxd5 {[%emt 0:00:03]} Be6 {[%emt 0:00:01]} 20.
Qb7 {[%emt 0:00:06]} Ne7 {[%emt 0:00:14]} 21. Bxe6 {[%emt 0:00:04]} fxe6 {
[%emt 0:00:02]} 22. f4 {[%emt 0:00:04]} Nc4 {[%emt 0:00:02]} 23. c3 {[%emt 0:
00:04]} fxe4 {[%emt 0:00:03]} 24. Qxe4 {[%emt 0:00:03]} d5 {[%emt 0:00:15]} 25.
Qxe6 {[%emt 0:00:02]} Rd6 {[%emt 0:00:01]} 26. Qe2 {[%emt 0:00:03]} Kd7 {[%emt
0:00:03]} 27. Rhe1 {[%emt 0:00:03]} Nf5 {[%emt 0:00:01]} 28. Rxd5 {[%emt 0:00:
10]} Nce3 {[%emt 0:00:11]} 29. Rxd6+ {[%emt 0:00:03]} Kxd6 {[%emt 0:00:01]} 30.
Qf3 {[%emt 0:00:03]} Kc7 {[%emt 0:00:04]} 31. Rxe3 {[%emt 0:00:02]} Nxe3 {
[%emt 0:00:02]} 32. Qxe3 {[%emt 0:00:01]} Rd8 {[%emt 0:00:01]} 33. f5 {[%emt 0:
00:02]} Bf8 {[%emt 0:00:05]} 34. Qa7+ {[%emt 0:00:05]} Kc6 {[%emt 0:00:04]} 35.
Qxa6+ {[%emt 0:00:01]} Kc5 {[%emt 0:00:04]} 36. Kc2 {[%emt 0:00:07]} Bd6 {
[%emt 0:00:13]} 37. b4+ {[%emt 0:00:05]} Kd5 {[%emt 0:00:01]} 38. Qxb5+ {[%emt
0:00:02]} Ke4 {[%emt 0:00:01]} 39. f6 {[%emt 0:00:02]} Bf4 {[%emt 0:00:02]} 40.
Qc6+ {[%emt 0:00:03]} Kf5 {[%emt 0:00:02]} 41. f7 {[%emt 0:00:07]} Kg4 {[%emt
0:00:09]} 42. g6 {[%emt 0:00:04]} Rd2+ {[%emt 0:00:08]} 43. Kb3 {[%emt 0:00:04]
} Kxh4 {[%emt 0:00:00]} 44. f8=Q {[%emt 0:00:05]} Rf2 {[%emt 0:00:03]} 45. g7 {
[%emt 0:00:03]} Kh3 {[%emt 0:00:01]} 46. g8=Q {[%emt 0:00:03]} h4 {[%emt 0:00:
01]} 47. Qxf4 {[%emt 0:00:02]} Rxf4 {[%emt 0:00:02]} 48. Qcg2# {[%emt 0:00:01]}
1-0

[Event "Villarobledo Online Qualifyer"]
[Site "playchess.com #155672"]
[Date "2009.05.23"]
[Round "11"]
[White "Torresh"]
[Black "The bluff"]
[Result "0-1"]
[WhiteElo "2137"]
[BlackElo "2265"]
[PlyCount "46"]
[EventDate "2009.05.23"]
[EventType "swiss (blitz)"]

1. e4 {[%emt 0:00:03]} c5 {[%emt 0:00:01]} 2. Nf3 {[%emt 0:00:01]} e6 {[%emt 0:
00:01]} 3. d4 {[%emt 0:00:01]} cxd4 {[%emt 0:00:00]} 4. Nxd4 {[%emt 0:00:00]}
Nf6 {[%emt 0:00:00]} 5. Nc3 {[%emt 0:00:01]} Bb4 {[%emt 0:00:01]} 6. e5 {[%emt
0:00:02]} Ne4 {[%emt 0:00:01]} 7. Qg4 {[%emt 0:00:10]} Nxc3 {[%emt 0:00:01]} 8.
Qxg7 {[%emt 0:00:04]} Rf8 {[%emt 0:00:02]} 9. a3 {[%emt 0:00:02]} Ba5 {[%emt 0:
00:04]} 10. Nb3 {[%emt 0:00:03]} Nd5+ {[%emt 0:00:09]} 11. Nxa5 {[%emt 0:00:04]
} Qxa5+ {[%emt 0:00:01]} 12. Bd2 {[%emt 0:00:44]} Qc7 {[%emt 0:00:13]} 13. Bh6
{[%emt 0:00:09]} Qc5 {[%emt 0:00:03]} 14. c4 {[%emt 0:00:06]} Nb6 {[%emt 0:00:
06]} 15. Bg5 {[%emt 0:00:38]} Nc6 {[%emt 0:00:13]} 16. f4 {[%emt 0:00:51]} Nd4
{[%emt 0:00:16]} 17. O-O-O {[%emt 0:00:03]} Nf5 {[%emt 0:00:20]} 18. Qxh7 {
[%emt 0:00:17]} Nxc4 {[%emt 0:00:04]} 19. Kb1 {[%emt 0:00:06]} Nfe3 {[%emt 0:
00:32] '} 20. Rc1 {[%emt 0:00:01]} Nd2+ {[%emt 0:00:02]} 21. Ka2 {[%emt 0:00:
06]} Qxc1 {[%emt 0:00:02]} 22. Bb5 {[%emt 0:00:05]} Qxh1 {[%emt 0:00:05]} 23.
Qg7 {[%emt 0:00:01]} Qb1# {[%emt 0:00:02]} 0-1

[Event "Villarobledo Online Qualifyer"]
[Site "playchess.com #155672"]
[Date "2009.05.23"]
[Round "11"]
[White "jchess06"]
[Black "Master--Sim"]
[Result "0-1"]
[WhiteElo "1838"]
[BlackElo "2030"]
[PlyCount "82"]
[EventDate "2009.05.23"]
[EventType "swiss (blitz)"]

1. d4 {[%emt 0:00:01]} d6 {[%emt 0:00:01]} 2. c3 {[%emt 0:00:00]} g6 {[%emt 0:
00:01]} 3. Nf3 {[%emt 0:00:00]} Bg7 {[%emt 0:00:00]} 4. Bg5 {[%emt 0:00:00]} h6
{[%emt 0:00:02]} 5. Bh4 {[%emt 0:00:01]} f5 {[%emt 0:00:00]} 6. e3 {[%emt 0:00:
01]} Nf6 {[%emt 0:00:01]} 7. Bd3 {[%emt 0:00:00]} g5 {[%emt 0:00:01]} 8. Bg3 {
[%emt 0:00:03]} Nc6 {[%emt 0:00:01]} 9. h3 {[%emt 0:00:01]} e5 {[%emt 0:00:01]}
10. dxe5 {[%emt 0:00:02]} dxe5 {[%emt 0:00:01]} 11. Nxe5 {[%emt 0:00:03]} Nxe5
{[%emt 0:00:03]} 12. Bxe5 {[%emt 0:00:00]} Qe7 {[%emt 0:00:02]} 13. Bb5+ {
[%emt 0:00:10]} c6 {[%emt 0:00:04]} 14. Bd6 {[%emt 0:00:03]} Qe6 {[%emt 0:00:
08]} 15. Ba4 {[%emt 0:00:03]} f4 {[%emt 0:00:08]} 16. Bb3 {[%emt 0:00:01]} Nd5
{[%emt 0:00:01]} 17. Bxd5 {[%emt 0:00:02]} cxd5 {[%emt 0:00:04]} 18. Bc5 {
[%emt 0:00:04]} b6 {[%emt 0:00:09]} 19. Bd4 {[%emt 0:00:01]} O-O {[%emt 0:00:
02]} 20. O-O {[%emt 0:00:02]} f3 {[%emt 0:00:04]} 21. Bxg7 {[%emt 0:00:03]}
Kxg7 {[%emt 0:00:03]} 22. Qd4+ {[%emt 0:00:05]} Kh7 {[%emt 0:00:09]} 23. Qd3+ {
[%emt 0:00:03]} Kh8 {[%emt 0:00:03]} 24. Qd4+ {[%emt 0:00:07]} Kh7 {[%emt 0:00:
04]} 25. g4 {[%emt 0:00:18]} Ba6 {[%emt 0:00:08] jchess06 reconnected.} 26. Re1
{[%emt 0:00:02]} h5 {[%emt 0:00:03]} 27. e4 {[%emt 0:00:08]} Rae8 {[%emt 0:00:
08]} 28. Nd2 {[%emt 0:00:03]} hxg4 {[%emt 0:00:09]} 29. exd5 {[%emt 0:00:01]}
Qxe1+ {[%emt 0:00:07]} 30. Rxe1 {[%emt 0:00:00]} Rxe1+ {[%emt 0:00:01]} 31. Kh2
{[%emt 0:00:00]} gxh3 {[%emt 0:00:13]} 32. Kxh3 {[%emt 0:00:01]} Rh1+ {[%emt 0:
00:10]} 33. Kg3 {[%emt 0:00:02]} Bc8 {[%emt 0:00:11]} 34. Qd3+ {[%emt 0:00:24]}
Bf5 {[%emt 0:00:03]} 35. Qxf3 {[%emt 0:00:43]} Rh3+ {[%emt 0:00:04]} 36. Kg2 {
[%emt 0:00:02]} Rxf3 {[%emt 0:00:04]} 37. Kxf3 {[%emt 0:00:01]} Bb1+ {[%emt 0:
00:05]} 38. Kg4 {[%emt 0:00:01]} Bxa2 {[%emt 0:00:01]} 39. Kxg5 {[%emt 0:00:01]
} Bxd5 {[%emt 0:00:03]} 40. c4 {[%emt 0:00:02]} Rxf2 {[%emt 0:00:04]} 41. c5 {
[%emt 0:00:01]} Rxd2 {[%emt 0:00:02]} 0-1

[Event "Villarobledo Online Qualifyer"]
[Site "playchess.com #155672"]
[Date "2009.05.23"]
[Round "11"]
[White "Molina"]
[Black "Dellacasa"]
[Result "1-0"]
[WhiteElo "1546"]
[BlackElo "1384"]
[PlyCount "65"]
[EventDate "2009.05.23"]
[EventType "swiss (blitz)"]

1. d4 {[%emt 0:00:01]} Nf6 {[%emt 0:00:02]} 2. c4 {[%emt 0:00:01]} e6 {[%emt 0:
00:01]} 3. Nc3 {[%emt 0:00:00]} Bb4 {[%emt 0:00:01]} 4. Qc2 {[%emt 0:00:01]}
O-O {[%emt 0:00:02]} 5. a3 {[%emt 0:00:02]} Bxc3+ {[%emt 0:00:01]} 6. Qxc3 {
[%emt 0:00:01]} d5 {[%emt 0:00:01]} 7. Nf3 {[%emt 0:00:03]} c6 {[%emt 0:00:07]}
8. Bg5 {[%emt 0:00:03]} h6 {[%emt 0:00:03]} 9. Bh4 {[%emt 0:00:01]} Nbd7 {
[%emt 0:00:03]} 10. e3 {[%emt 0:00:01]} b6 {[%emt 0:00:07]} 11. Bd3 {[%emt 0:
00:01]} Qc7 {[%emt 0:00:04]} 12. O-O {[%emt 0:00:02]} a6 {[%emt 0:00:05]} 13.
Rac1 {[%emt 0:00:02]} a5 {[%emt 0:00:07]} 14. b4 {[%emt 0:00:03]} axb4 {[%emt
0:00:05]} 15. axb4 {[%emt 0:00:02]} dxc4 {[%emt 0:00:14]} 16. Bxc4 {[%emt 0:00:
05]} b5 {[%emt 0:00:15]} 17. Bd3 {[%emt 0:00:04]} Bb7 {[%emt 0:00:02]} 18. Ne5
{[%emt 0:00:11]} g5 {[%emt 0:00:13]} 19. Bg3 {[%emt 0:00:04]} h5 {[%emt 0:00:
12]} 20. Ng6 {[%emt 0:00:17]} Qd8 {[%emt 0:00:14]} 21. Nxf8 {[%emt 0:00:05]}
Kxf8 {[%emt 0:00:01]} 22. h3 {[%emt 0:00:04]} h4 {[%emt 0:00:12]} 23. Bh2 {
[%emt 0:00:03]} g4 {[%emt 0:00:10]} 24. hxg4 {[%emt 0:00:06]} Nxg4 {[%emt 0:00:
01]} 25. Bd6+ {[%emt 0:00:09]} Ke8 {[%emt 0:00:03]} 26. e4 {[%emt 0:00:10]} Qg5
{[%emt 0:00:10]} 27. Be2 {[%emt 0:00:10]} Qh5 {[%emt 0:00:21]} 28. d5 {[%emt 0:
00:03]} h3 {[%emt 0:00:12]} 29. Bxg4 {[%emt 0:00:04]} Qxg4 {[%emt 0:00:12]} 30.
Qh8+ {[%emt 0:00:03]} Nf8 {[%emt 0:00:07]} 31. Qxf8+ {[%emt 0:00:06]} Kd7 {
[%emt 0:00:07]} 32. Qe7+ {[%emt 0:00:03]} Kc8 {[%emt 0:00:04]} 33. Qc7# {[%emt
0:00:01]} 1-0

[Event "Villarobledo Online Qualifyer"]
[Site "playchess.com #155672"]
[Date "2009.05.23"]
[Round "11"]
[White "Ol38130"]
[Black "stefanovitch"]
[Result "1-0"]
[WhiteElo "1764"]
[BlackElo "1667"]
[PlyCount "67"]
[EventDate "2009.05.23"]
[EventType "swiss (blitz)"]

1. d4 {[%emt 0:00:01]} d5 {[%emt 0:00:02]} 2. Nf3 {[%emt 0:00:00]} e6 {[%emt 0:
00:01]} 3. c4 {[%emt 0:00:00]} f5 {[%emt 0:00:01]} 4. cxd5 {[%emt 0:00:00]}
exd5 {[%emt 0:00:01]} 5. Nc3 {[%emt 0:00:00]} Nf6 {[%emt 0:00:02]} 6. Bg5 {
[%emt 0:00:00]} Be7 {[%emt 0:00:02]} 7. Ne5 {[%emt 0:00:01]} O-O {[%emt 0:00:
06]} 8. e3 {[%emt 0:00:01]} c6 {[%emt 0:00:05]} 9. Bd3 {[%emt 0:00:01]} Ne4 {
[%emt 0:00:05]} 10. Bxe7 {[%emt 0:00:00]} Qxe7 {[%emt 0:00:07]} 11. Qb3 {[%emt
0:00:01]} Nd7 {[%emt 0:00:07]} 12. Bxe4 {[%emt 0:00:21]} fxe4 {[%emt 0:00:05]}
13. Nxe4 {[%emt 0:00:01]} Nxe5 {[%emt 0:00:01]} 14. dxe5 {[%emt 0:00:00]} Qxe5
{[%emt 0:00:05]} 15. Ng3 {[%emt 0:00:01]} Be6 {[%emt 0:00:27]} 16. O-O {[%emt
0:00:01]} b5 {[%emt 0:00:06]} 17. Qc2 {[%emt 0:00:02]} Bd7 {[%emt 0:00:09]} 18.
b4 {[%emt 0:00:02]} a5 {[%emt 0:00:02]} 19. Rab1 {[%emt 0:00:15]} axb4 {[%emt
0:00:13]} 20. Rxb4 {[%emt 0:00:00]} Ra3 {[%emt 0:00:24]} 21. Ne2 {[%emt 0:00:
06]} Rfa8 {[%emt 0:00:05]} 22. Rb2 {[%emt 0:00:02] Ol38130 réclame le gain
suite à déconnexion} d4 {[%emt 0:00:10]} 23. Nxd4 {[%emt 0:00:03]} c5 {[%emt 0:
00:09]} 24. Nf3 {[%emt 0:00:01]} Qd5 {[%emt 0:00:04]} 25. Rd1 {[%emt 0:00:03]}
Qe6 {[%emt 0:00:04]} 26. Qxc5 {[%emt 0:00:17]} Rxa2 {[%emt 0:00:02]} 27. Nd4 {
[%emt 0:00:10]} Qc4 {[%emt 0:00:14]} 28. Rxa2 {[%emt 0:00:08]} Qxc5 {[%emt 0:
00:04]} 29. Rxa8+ {[%emt 0:00:01]} Kf7 {[%emt 0:00:02]} 30. Rb8 {[%emt 0:00:17]
} Kg6 {[%emt 0:00:07]} 31. h4 {[%emt 0:00:10]} h6 {[%emt 0:00:02]} 32. Rb1 {
[%emt 0:00:04]} Qh5 {[%emt 0:00:07]} 33. Rb7 {[%emt 0:00:13]} Bf5 {[%emt 0:00:
09]} 34. R7xb5 {[%emt 0:00:05] Ol38130 réclame le gain suite à déconnexion
stefanovitch abandonne} 1-0

[Event "Villarobledo Online Qualifyer"]
[Site "playchess.com #155672"]
[Date "2009.05.23"]
[Round "11"]
[White "Acedrex"]
[Black "Kasimito"]
[Result "0-1"]
[WhiteElo "2240"]
[BlackElo "1990"]
[PlyCount "70"]
[EventDate "2009.05.23"]
[EventType "swiss (blitz)"]

1. e4 {[%emt 0:00:02]} e5 {[%emt 0:00:07]} 2. Nf3 {[%emt 0:00:01]} Nc6 {[%emt
0:00:04]} 3. Bc4 {[%emt 0:00:02]} Nf6 {[%emt 0:00:05]} 4. d4 {[%emt 0:00:04]}
exd4 {[%emt 0:00:04]} 5. Ng5 {[%emt 0:00:03]} d5 {[%emt 0:00:04]} 6. exd5 {
[%emt 0:00:02]} b5 {[%emt 0:00:05]} 7. Bb3 {[%emt 0:00:28]} Na5 {[%emt 0:00:04]
} 8. Qxd4 {[%emt 0:00:05]} Nxb3 {[%emt 0:00:06]} 9. axb3 {[%emt 0:00:02]} Qxd5
{[%emt 0:00:04]} 10. Qe3+ {[%emt 0:00:17]} Be7 {[%emt 0:00:04]} 11. O-O {[%emt
0:00:02]} Bb7 {[%emt 0:00:07]} 12. Nf3 {[%emt 0:00:07]} Qc5 {[%emt 0:00:04]}
13. Nc3 {[%emt 0:00:24]} Qxe3 {[%emt 0:00:05]} 14. Bxe3 {[%emt 0:00:01]} a6 {
[%emt 0:00:06]} 15. Nd4 {[%emt 0:00:06]} Ng4 {[%emt 0:00:06]} 16. Bf4 {[%emt 0:
00:07]} O-O-O {[%emt 0:00:04]} 17. Nf5 {[%emt 0:00:04]} Bf6 {[%emt 0:00:03]}
18. h3 {[%emt 0:00:03]} Ne5 {[%emt 0:00:05]} 19. Rfe1 {[%emt 0:00:01]} Ng6 {
[%emt 0:00:04]} 20. Be3 {[%emt 0:00:18]} Rhe8 {[%emt 0:00:08]} 21. Rad1 {[%emt
0:00:02]} b4 {[%emt 0:00:05]} 22. Na4 {[%emt 0:00:04]} Be4 {[%emt 0:00:05]} 23.
Nd4 {[%emt 0:00:16]} Nh4 {[%emt 0:00:05]} 24. f3 {[%emt 0:00:07]} Bxf3 {[%emt
0:00:08]} 25. gxf3 {[%emt 0:00:03]} Bxd4 {[%emt 0:00:07]} 26. Kf2 {[%emt 0:00:
11]} Rxe3 {[%emt 0:00:06]} 27. Rxd4 {[%emt 0:00:07]} Rxf3+ {[%emt 0:00:04]} 28.
Ke2 {[%emt 0:00:09]} Rxd4 {[%emt 0:00:05]} 29. Rg1 {[%emt 0:00:01]} Rxh3 {
[%emt 0:00:05]} 30. Nc5 {[%emt 0:00:01]} Rh2+ {[%emt 0:00:08]} 31. Ke3 {[%emt
0:00:01]} Nf5+ {[%emt 0:00:05]} 32. Kf3 {[%emt 0:00:02]} Rh3+ {[%emt 0:00:04]}
33. Ke2 {[%emt 0:00:01]} Re3+ {[%emt 0:00:05]} 34. Kf2 {[%emt 0:00:01]} Rd2+ {
[%emt 0:00:04]} 35. Kf1 {[%emt 0:00:01]} Ree2 {[%emt 0:00:03] Acedrex rinde}
0-1

[Event "Villarobledo Online Qualifyer"]
[Site "playchess.com #155672"]
[Date "2009.05.23"]
[Round "11"]
[White "Krondor"]
[Black "Timeh123"]
[Result "1-0"]
[WhiteElo "1497"]
[BlackElo "1537"]
[PlyCount "71"]
[EventDate "2009.05.23"]
[EventType "swiss (blitz)"]

1. d4 {[%emt 0:00:02]} d5 {[%emt 0:00:12]} 2. c4 {[%emt 0:00:02]} Nf6 {[%emt 0:
00:01]} 3. e3 {[%emt 0:00:02]} Nc6 {[%emt 0:00:01]} 4. Nc3 {[%emt 0:00:02]} e6
{[%emt 0:00:04]} 5. a3 {[%emt 0:00:02]} g6 {[%emt 0:00:02]} 6. b4 {[%emt 0:00:
03]} Bg7 {[%emt 0:00:02]} 7. c5 {[%emt 0:00:06]} O-O {[%emt 0:00:02]} 8. Bd3 {
[%emt 0:00:03]} b6 {[%emt 0:00:02]} 9. Nf3 {[%emt 0:00:05]} Qe7 {[%emt 0:00:05]
} 10. O-O {[%emt 0:00:05]} Nd7 {[%emt 0:00:01]} 11. Bb2 {[%emt 0:00:06]} a5 {
[%emt 0:00:01]} 12. b5 {[%emt 0:00:04]} Na7 {[%emt 0:00:08]} 13. c6 {[%emt 0:
00:04]} Nb8 {[%emt 0:00:01]} 14. a4 {[%emt 0:00:03]} f6 {[%emt 0:00:10]} 15.
Ba3 {[%emt 0:00:03]} Qe8 {[%emt 0:00:10]} 16. Bxf8 {[%emt 0:00:04]} Bxf8 {
[%emt 0:00:00]} 17. Qc2 {[%emt 0:00:13]} Bb4 {[%emt 0:00:01]} 18. e4 {[%emt 0:
00:11]} dxe4 {[%emt 0:00:15]} 19. Nxe4 {[%emt 0:00:08]} Kf7 {[%emt 0:00:04]}
20. Ng3 {[%emt 0:00:11]} e5 {[%emt 0:00:05]} 21. dxe5 {[%emt 0:00:20]} fxe5 {
[%emt 0:00:00]} 22. Ne4 {[%emt 0:00:24]} Be6 {[%emt 0:00:05]} 23. Neg5+ {[%emt
0:00:04]} Kg7 {[%emt 0:00:03]} 24. Nxe5 {[%emt 0:00:08]} Bf5 {[%emt 0:00:13]}
25. Nef3 {[%emt 0:00:13]} Bxd3 {[%emt 0:00:14]} 26. Qxd3 {[%emt 0:00:03]} Nc8 {
[%emt 0:00:04]} 27. Ra2 {[%emt 0:00:05]} Nd6 {[%emt 0:00:02]} 28. Re2 {[%emt 0:
00:04]} Qf8 {[%emt 0:00:09]} 29. Ne6+ {[%emt 0:00:03]} Kg8 {[%emt 0:00:03]} 30.
Nxf8 {[%emt 0:00:03]} Kxf8 {[%emt 0:00:00]} 31. Qd5 {[%emt 0:00:08]} Nxc6 {
[%emt 0:00:02]} 32. bxc6 {[%emt 0:00:03]} Rd8 {[%emt 0:00:01]} 33. Re6 {[%emt
0:00:13]} Kg7 {[%emt 0:00:05]} 34. Re7+ {[%emt 0:00:04]} Kh8 {[%emt 0:00:07]}
35. Qe5+ {[%emt 0:00:15]} Kg8 {[%emt 0:00:08]} 36. Qg7# {[%emt 0:00:02]} 1-0

[Event "Villarobledo Online Qualifyer"]
[Site "playchess.com #155672"]
[Date "2009.05.23"]
[Round "11"]
[White "Hauberk"]
[Black "Artur95"]
[Result "0-1"]
[WhiteElo "2352"]
[BlackElo "2408"]
[PlyCount "62"]
[EventDate "2009.05.23"]
[EventType "swiss (blitz)"]

1. e4 {[%emt 0:00:05]} c5 {[%emt 0:00:07]} 2. Nc3 {[%emt 0:00:01]} d6 {[%emt 0:
00:12]} 3. f4 {[%emt 0:00:02]} Nc6 {[%emt 0:00:00]} 4. Nf3 {[%emt 0:00:01]} g6
{[%emt 0:00:00]} 5. Bc4 {[%emt 0:00:01]} Bg7 {[%emt 0:00:01]} 6. O-O {[%emt 0:
00:01]} Nf6 {[%emt 0:00:00]} 7. f5 {[%emt 0:00:07]} O-O {[%emt 0:00:03]} 8. d3
{[%emt 0:00:01]} Nd4 {[%emt 0:00:02]} 9. Nxd4 {[%emt 0:00:21]} cxd4 {[%emt 0:
00:01]} 10. Ne2 {[%emt 0:00:03]} d5 {[%emt 0:00:08]} 11. exd5 {[%emt 0:00:15]}
Nxd5 {[%emt 0:00:02]} 12. fxg6 {[%emt 0:00:04]} hxg6 {[%emt 0:00:02]} 13. Nf4 {
[%emt 0:00:04]} Nxf4 {[%emt 0:00:22]} 14. Rxf4 {[%emt 0:00:17]} e5 {[%emt 0:00:
01]} 15. Rf2 {[%emt 0:00:11]} Qe7 {[%emt 0:00:01]} 16. Qf3 {[%emt 0:00:12]} Rb8
{[%emt 0:00:14]} 17. Qg3 {[%emt 0:00:17]} Be6 {[%emt 0:00:03]} 18. Bg5 {[%emt
0:00:03]} Qd7 {[%emt 0:00:06]} 19. b3 {[%emt 0:00:31]} b5 {[%emt 0:00:05]} 20.
Bxe6 {[%emt 0:00:07]} Qxe6 {[%emt 0:00:00]} 21. Raf1 {[%emt 0:00:01]} f5 {
[%emt 0:00:03]} 22. Qh3 {[%emt 0:00:08]} Rbc8 {[%emt 0:00:07]} 23. g4 {[%emt 0:
00:07]} fxg4 {[%emt 0:00:05]} 24. Qg2 {[%emt 0:00:04]} Rxf2 {[%emt 0:00:24]}
25. Rxf2 {[%emt 0:00:02]} Rf8 {[%emt 0:00:01]} 26. Rxf8+ {[%emt 0:00:10]} Bxf8
{[%emt 0:00:00]} 27. Qb7 {[%emt 0:00:06]} Qf5 {[%emt 0:00:07]} 28. Bd2 {[%emt
0:00:01]} g3 {[%emt 0:00:24]} 29. hxg3 {[%emt 0:00:02]} Qg4 {[%emt 0:00:01]}
30. Kh2 {[%emt 0:00:03]} Qh5+ {[%emt 0:00:06]} 31. Kg1 {[%emt 0:00:05]} Qd1+ {
[%emt 0:00:01] Time} 0-1